Quando troveja há relâmpagos, porquê? (Registo nº 4293)

Detalhes MARC
000 -Etiqueta do registo
Cabeçalho 00768nam a2200253 4500
005 - Identificador da versão
Campo de controlo 20240813122057.0
010 ## - Número internacional normalizado dos livros (ISBN)
Número (ISBN) 9722613235
100 ## - Dados gerais de processamento
Dados gerais de processamento 20090122d1996 a y0pory5003 ba
102 ## - Pais de publicação ou produção
País de publicação Portugal
101 1# - Língua de publicação
Língua do texto, banda sonora, etc. Português
Língua do documento no original Inglês
215 ## - Descrição física 
Indicação específica da natureza do documento e extensão da espécie 21 p.
Outras indicações físicas il.
Dimensões 21 cm
200 1# - Titulo e menção de responsabilidade
Título próprio Quando troveja há relâmpagos, porquê?
Informação de outro título perguntas que as crianças fazem sobre o tempo
Primeira menção de responsabilidade Terry Martin
Outras menções de responsabilidade trad. Aureliano Sampaio
225 1# - Colecção 
Título próprio da colecção Porquê?
210 ## - Publicação, Distribuição, etc. 
Lugar da edição, distribuição, etc. Porto
Nome do editor, distribuidor, etc. Civilização
Data da publicação, distribuição, etc. cop. 1996
304 ## - Notas relativas a título e menção de responsabilidade 
Texto da nota Tít. orig.: Why does lightning strike?
517 1# - Outras variantes do título
Variant Title Why does lightning strike?
675 ## - Classificação Decimal Universal (CDU)
Notação 55
Edição BN
Língua da edição por
702 #1 - Nome de autor-pessoa física (responsabilidade secundária)
Número de registo de entrada de autoridade 0000547
Palavra de ordem Sampaio
Outra parte do nome não tomada para palavra de ordem Aureliano
Código de função Tradutor
700 #1 - Nome de autor-pessoa física (responsabilidade principal)
Número de registo de entrada de autoridade 0001056
Palavra de ordem Martin
Outra parte do nome não tomada para palavra de ordem Terry
942 ## - Elementos de entrada adicionados (Koha)
Tipo de item no Koha Livro
Exemplares
Situação do levantamento Origin of item (home branch) (coded) Biblioteca de empréstimo Código de barras Cota Circulation type (not for loan) Tipo de documento Nota do exemplar Damaged status
  Biblioteca Escolar das Vendas Biblioteca Escolar das Vendas BEV1071 5CIE MAR   Livro Sem mensagem